[Event "SVK-chT2C 2324"]
[Site "Slovakia"]
[Date "2023.12.03"]
[Round "6.5"]
[White "Saga, Vladimir"]
[Black "Mraz, Ondrej"]
[Result "0-1"]
[WhiteElo "1964"]
[BlackElo "2161"]
[PlyCount "64"]
[EventDate "2023.10.07"]
[EventType "team-tourn"]
[EventRounds "11"]
[EventCountry "SVK"]
[SourceTitle "EXT 2025"]
[Source "ChessBase"]
[SourceDate "2024.10.14"]
[SourceVersion "1"]
[SourceVersionDate "2024.10.14"]
[SourceQuality "1"]
[WhiteTeam "Dunajov Martin III"]
[BlackTeam "Liptov Chess School III"]
[WhiteTeamCountry "SVK"]
[BlackTeamCountry "SVK"]

1. d4 d5 2. g3 Nf6 3. Nf3 Bf5 4. Bg2 e6 5. 0-0 c5 6. c4 Be7 7. Nc3 0-0 8. dxc5 Bxc5 9. Bg5 dxc4 10. Qxd8 Rxd8 11. e4 Bg4 12. Ne5 Bh5 13. Nxc4 Nc6 14. e5 Rd4 15. b3 Nd7 16. Be3 Rd3 17. Bxc5 Nxc5 18. Ne4 Nxe4 19. Bxe4 Rd4 20. Rfe1 Rad8 21. Rac1 Nb4 22. a3 Nd3 23. Bxd3 Rxd3 24. Re3 Rxe3 25. Nxe3 Bf3 26. h3 h5 27. Rc3 g5 28. Ng2 Rd1+ 29. Kh2 g4 30. Re3 Rf1 31. hxg4 hxg4 32. Ne1 Rh1# 0-1

[Event "SVK-chT1E 1617"]
[Site "Slovakia"]
[Date "2017.01.22"]
[Round "7.4"]
[White "Mraz, Ondrej"]
[Black "Hurtuk, Radovan"]
[Result "1-0"]
[WhiteElo "2142"]
[BlackElo "2008"]
[PlyCount "61"]
[EventDate "2016.10.15"]
[EventType "team-tourn"]
[EventRounds "11"]
[EventCountry "SVK"]
[SourceTitle "EXT 2018"]
[Source "ChessBase"]
[SourceDate "2017.10.13"]
[SourceVersion "1"]
[SourceVersionDate "2017.10.13"]
[SourceQuality "1"]
[WhiteTeam "Liptov Chess School II"]
[BlackTeam "Kezmarok"]
[WhiteTeamCountry "SVK"]
[BlackTeamCountry "SVK"]

1. e4 c5 2. Nf3 d6 3. d4 cxd4 4. Nxd4 Nf6 5. Nc3 a6 6. Be3 e5 7. Nb3 Be6 8. f4 exf4 9. Bxf4 Nc6 10. Qe2 Ne5 11. h3 Qc7 12. 0-0-0 Be7 13. g4 Rc8 14. g5 Nfd7 15. Nd5 Bxd5 16. exd5 0-0 17. h4 Rfe8 18. Bh3 Nc4 19. Rhe1 Nxb2 20. Bxd7 Qxd7 21. Kxb2 Bf6+ 22. gxf6 Rxe2 23. Rxe2 Qg4 24. Rde1 h5 25. Bxd6 Qd7 26. Be5 Qxd5 27. fxg7 Qc6 28. Bd4 Rd8 29. Re5 f6 30. Rxh5 Rxd4 31. Re7 1-0

[Event "SVK-chT2C 1617"]
[Site "Slovakia"]
[Date "2016.12.03"]
[Round "5.3"]
[White "Mraz, Ondrej"]
[Black "Trangos, Miroslav"]
[Result "1-0"]
[WhiteElo "2152"]
[BlackElo "1961"]
[PlyCount "83"]
[EventDate "2016.10.08"]
[EventType "team-tourn"]
[EventRounds "11"]
[EventCountry "SVK"]
[SourceTitle "EXT 2018"]
[Source "ChessBase"]
[SourceDate "2017.10.13"]
[SourceVersion "1"]
[SourceVersionDate "2017.10.13"]
[SourceQuality "1"]
[WhiteTeam "Liptov Chess School III"]
[BlackTeam "Podbrezova ZP Sport"]
[WhiteTeamCountry "SVK"]
[BlackTeamCountry "SVK"]

1. e4 e6 2. d4 d5 3. Nd2 Nf6 4. e5 Nfd7 5. Bd3 c5 6. c3 Qb6 7. Ne2 Nc6 8. Nf3 cxd4 9. cxd4 Bb4+ 10. Bd2 Bxd2+ 11. Qxd2 Qb4 12. Rc1 Qxd2+ 13. Kxd2 0-0 14. Bb5 Ndb8 15. Ne1 Bd7 16. Nd3 Nxe5 17. Bxd7 Nxd3 18. Kxd3 Nxd7 19. Rc7 Nf6 20. Rxb7 Rfb8 21. Rxb8+ Rxb8 22. Rb1 Kf8 23. Nc3 Ke7 24. b4 Nd7 25. Rb3 Nb6 26. Ra3 Rb7 27. Ra6 Nc8 28. a3 Rb6 29. Ra5 Kd7 30. Na4 Rc6 31. Nc5+ Kc7 32. b5 Rd6 33. Kc3 Kb8 34. Kb4 Nb6 35. Na6+ Kb7 36. Nc5+ Ka8 37. Nd3 Nc4 38. Ra4 f6 39. Kc5 Rb6 40. Nb4 Nb2 41. Ra5 Kb7 42. Nc6 1-0

[Event "Banska Bystrica Regional Cup"]
[Site "Banska Bystrica"]
[Date "2016.05.07"]
[Round "3.1"]
[White "Sahidi, Samir"]
[Black "Mraz, Ondrej"]
[Result "1-0"]
[WhiteElo "2202"]
[BlackElo "2204"]
[PlyCount "125"]
[EventDate "2016.05.06"]
[EventType "team-tourn"]
[EventRounds "5"]
[EventCountry "SVK"]
[SourceTitle "CBM 172 Extra"]
[Source "ChessBase"]
[SourceDate "2016.06.21"]
[SourceVersion "1"]
[SourceVersionDate "2016.06.21"]
[SourceQuality "1"]
[WhiteTeam "Trnava Lokomotiva"]
[BlackTeam "Liptov Chess School"]
[WhiteTeamCountry "SVK"]
[BlackTeamCountry "SVK"]

1. c4 e5 2. Nc3 Nf6 3. g3 d5 4. cxd5 Nxd5 5. Bg2 Nb6 6. Nf3 Nc6 7. 0-0 Be7 8. d3 0-0 9. a3 f5 10. Be3 Bf6 11. Rc1 Kh8 12. b4 Be6 13. Qc2 Nd4 14. Bxd4 exd4 15. Na4 Nxa4 16. Qxa4 a6 17. Qc2 c6 18. Nd2 g5 19. Nb3 Bd5 20. Bxd5 Qxd5 21. Qc4 Rad8 22. Qxd5 Rxd5 23. Rc5 Rxc5 24. bxc5 b5 25. cxb6 Rb8 26. Rc1 Rxb6 27. Na5 Be7 28. a4 c5 29. Nc4 Rb4 30. Ra1 Kg7 31. Kf1 Kf6 32. Ke1 f4 33. g4 h5 34. gxh5 g4 35. h6 Rb8 36. Kf1 Rh8 37. Rb1 Rxh6 38. Rb6+ Kg5 39. Rxh6 Kxh6 40. Kg2 Kg5 41. f3 gxf3+ 42. Kxf3 Kf5 43. Nd2 Bf8 44. h4 Be7 45. h5 Kg5 46. Ne4+ Kxh5 47. Kxf4 a5 48. Ke5 Kg4 49. Kd5 Kf4 50. Nxc5 Ke3 51. Nb3 Kxe2 52. Kxd4 Bd8 53. Kc4 Ke3 54. d4 Ke4 55. Nc5+ Kf5 56. d5 Kf6 57. Kb5 Ke5 58. Kc6 Bh4 59. d6 Kd4 60. Kb5 Kd5 61. Nb7 Ke6 62. Kc6 Bg3 63. d7 1-0

[Event "SVK-chT1E 1516"]
[Site "Slovakia"]
[Date "2016.03.19"]
[Round "10.5"]
[White "Klemanic, Emil"]
[Black "Mraz, Ondrej"]
[Result "1-0"]
[WhiteElo "2174"]
[BlackElo "2134"]
[PlyCount "55"]
[EventDate "2015.10.24"]
[EventType "team-tourn"]
[EventRounds "11"]
[EventCountry "SVK"]
[SourceTitle "EXT 2017"]
[Source "ChessBase"]
[SourceDate "2016.10.25"]
[SourceVersion "1"]
[SourceVersionDate "2016.10.25"]
[SourceQuality "1"]
[WhiteTeam "Kosice Slavia"]
[BlackTeam "Liptov Chess School II"]
[WhiteTeamCountry "SVK"]
[BlackTeamCountry "SVK"]

1. e4 e5 2. Nc3 Nf6 3. f4 d5 4. fxe5 Nxe4 5. Nf3 Bg4 6. Be2 Nc6 7. d4 Bb4 8. Qd3 0-0 9. 0-0 Bxf3 10. gxf3 Ng5 11. Be3 Bxc3 12. bxc3 f5 13. Bxg5 Qxg5+ 14. Kh1 f4 15. Rg1 Qh6 16. c4 Ne7 17. cxd5 Nxd5 18. Qb3 Rad8 19. Bc4 Qc6 20. Rad1 Kh8 21. Bxd5 Rxd5 22. c4 Ra5 23. d5 Qa6 24. e6 Rxa2 25. Qc3 Rg8 26. Rxg7 Qa3 27. Rxg8+ Kxg8 28. Rg1+ 1-0

[Event "SVK-chT1E 1516"]
[Site "Slovakia"]
[Date "2016.01.23"]
[Round "7.6"]
[White "Mraz, Ondrej"]
[Black "Zrost, Rudolf"]
[Result "0-1"]
[WhiteElo "2134"]
[BlackElo "1964"]
[PlyCount "66"]
[EventDate "2015.10.24"]
[EventType "team-tourn"]
[EventRounds "11"]
[EventCountry "SVK"]
[SourceTitle "CBM 170 Extra"]
[Source "ChessBase"]
[SourceDate "2016.02.25"]
[SourceVersion "1"]
[SourceVersionDate "2016.02.25"]
[SourceQuality "1"]
[WhiteTeam "Liptov Chess School II"]
[BlackTeam "Spisska Nova Ves"]
[WhiteTeamCountry "SVK"]
[BlackTeamCountry "SVK"]

1. e4 c6 2. d4 d5 3. e5 g6 4. Nd2 Bg7 5. Bd3 Nh6 6. Ndf3 Bf5 7. Bxh6 Bxh6 8. Bxf5 gxf5 9. e6 0-0 10. Ne5 fxe6 11. Qh5 Bg7 12. Ngf3 Qe8 13. Qxe8 Rxe8 14. Ng5 Bxe5 15. dxe5 Nd7 16. Nxe6 Rac8 17. f4 h6 18. 0-0-0 Kf7 19. Nd4 e6 20. g4 fxg4 21. Rhf1 Ke7 22. Rde1 c5 23. Nb5 Rf8 24. Nd6 Rb8 25. f5 h5 26. Nb5 Rxf5 27. Rxf5 exf5 28. e6 Nb6 29. Nxa7 Ra8 30. Nb5 Rxa2 31. Kb1 Ra5 32. Nc7 Ra4 33. Re5 Rf4 0-1

[Event "SVK-chT2C 1516"]
[Site "Slovakia"]
[Date "2015.12.06"]
[Round "6.2"]
[White "Mraz, Ondrej"]
[Black "Matejov, Jaroslav"]
[Result "1-0"]
[WhiteElo "2134"]
[BlackElo "2104"]
[PlyCount "63"]
[EventDate "2015.10.17"]
[EventType "team-tourn"]
[EventRounds "11"]
[EventCountry "SVK"]
[SourceTitle "CBM 169 Extra"]
[Source "ChessBase"]
[SourceDate "2015.12.18"]
[SourceVersion "1"]
[SourceVersionDate "2015.12.18"]
[SourceQuality "1"]
[WhiteTeam "Liptov Chess School III"]
[BlackTeam "Zilina"]
[WhiteTeamCountry "SVK"]
[BlackTeamCountry "SVK"]

1. e4 Nf6 2. e5 Nd5 3. c4 Nb6 4. d4 d6 5. exd6 cxd6 6. Nc3 g6 7. Be3 Bg7 8. Rc1 0-0 9. Nf3 Bg4 10. h3 Bxf3 11. Qxf3 Nc6 12. Be2 Bxd4 13. Bxd4 Nxd4 14. Qxb7 e5 15. 0-0 Na4 16. Bd1 Nc5 17. Qd5 Nd3 18. Rb1 Nf4 19. Qe4 Qg5 20. g3 Nxh3+ 21. Kh2 f5 22. Qd5+ Kh8 23. Kxh3 f4 24. Bf3 Rae8 25. Kg2 fxg3 26. fxg3 Nf5 27. Ne4 Ne3+ 28. Kf2 Qh6 29. Qd2 Rxf3+ 30. Kxf3 Rf8+ 31. Ke2 Rxf1 32. Rxf1 1-0

[Event "SVK-chT 1516"]
[Site "Slovakia"]
[Date "2015.10.11"]
[Round "2.8"]
[White "Magat, Jozef"]
[Black "Mraz, Ondrej"]
[Result "0-1"]
[WhiteElo "2108"]
[BlackElo "2169"]
[PlyCount "82"]
[EventDate "2015.10.10"]
[EventType "team-tourn"]
[EventRounds "11"]
[EventCountry "SVK"]
[SourceTitle "CBM 168 Extra"]
[Source "ChessBase"]
[SourceDate "2015.10.29"]
[SourceVersion "1"]
[SourceVersionDate "2015.10.29"]
[SourceQuality "1"]
[WhiteTeam "Dunajov Inbest"]
[BlackTeam "Liptov Chess School"]
[WhiteTeamCountry "SVK"]
[BlackTeamCountry "SVK"]

1. Nf3 Nf6 2. d4 c5 3. c4 cxd4 4. Nxd4 e5 5. Nb5 d5 6. cxd5 Bc5 7. N5c3 0-0 8. e3 Qe7 9. Bc4 e4 10. Nd2 Nbd7 11. Qc2 Re8 12. Nb3 Bb6 13. Bd2 Ne5 14. d6 Qxd6 15. Nxe4 Nxe4 16. Qxe4 Bd7 17. 0-0 Rac8 18. Be2 Ng4 19. Qxg4 Bxg4 20. Bxg4 Rcd8 21. Bf3 Bc7 22. g3 Qf6 23. Bxb7 Qxb2 24. Bb4 a5 25. Bxa5 Bxa5 26. Nxa5 Qb6 27. Nc6 Rd2 28. Rab1 Rb2 29. Rxb2 Qxb2 30. Ba6 Qb6 31. Bc4 Qxc6 32. Bb3 Rd8 33. Re1 Rd2 34. e4 Qf6 35. Rf1 g5 36. Bd5 Qd4 37. Kg2 g4 38. Kg1 Kg7 39. Kg2 f5 40. Bb3 fxe4 41. Kg1 e3 0-1

[Event "Liptovsky Mikulas CupT U20"]
[Site "Liptovsky Mikulas"]
[Date "2015.06.27"]
[Round "4.1"]
[White "Czerw, Dawid"]
[Black "Mraz, Ondrej"]
[Result "1-0"]
[WhiteElo "2116"]
[BlackElo "2147"]
[PlyCount "85"]
[EventDate "2015.06.25"]
[EventType "team-swiss"]
[EventRounds "7"]
[EventCountry "SVK"]
[SourceTitle "CBM 167 Extra"]
[Source "ChessBase"]
[SourceDate "2015.09.14"]
[SourceVersion "1"]
[SourceVersionDate "2015.09.14"]
[SourceQuality "1"]
[WhiteTeam "Jastrzebie Zdroj (U18)"]
[BlackTeam "Liptov Chess School (U18)"]
[WhiteTeamCountry "POL"]
[BlackTeamCountry "SVK"]

1. d4 d5 2. c4 c6 3. Nf3 Nf6 4. Nc3 e6 5. e3 Nbd7 6. Qc2 Bd6 7. b3 0-0 8. cxd5 exd5 9. Bd3 Re8 10. Bb2 b6 11. 0-0 Bb7 12. h3 Rc8 13. e4 dxe4 14. Nxe4 Nxe4 15. Bxe4 Nf6 16. Bf5 Rc7 17. Rfe1 g6 18. Rxe8+ Qxe8 19. d5 Nxd5 20. Be4 Qc8 21. Qd2 Bf8 22. Be5 Bg7 23. Bxg7 Kxg7 24. Bxd5 cxd5 25. Re1 Qd8 26. Nd4 Re7 27. Rc1 Qd6 28. Rc3 Qe5 29. Re3 Qf6 30. Rf3 Qd6 31. Qc3 f6 32. Qd2 Re4 33. Rd3 Qe7 34. f3 Re1+ 35. Kf2 Ba6 36. Rc3 Rf1+ 37. Kg3 Qe5+ 38. f4 Qe4 39. Rc7+ Kh6 40. Nf3 Be2 41. Ng5 Qxf4+ 42. Qxf4 Rxf4 43. Nf7+ 1-0

[Event "Liptovsky Mikulas CupT U20"]
[Site "Liptovsky Mikulas"]
[Date "2015.06.26"]
[Round "3.1"]
[White "Mraz, Ondrej"]
[Black "Hlavina, Lubomir"]
[Result "1-0"]
[WhiteElo "2147"]
[BlackElo "1995"]
[PlyCount "49"]
[EventDate "2015.06.25"]
[EventType "team-swiss"]
[EventRounds "7"]
[EventCountry "SVK"]
[SourceTitle "CBM 167 Extra"]
[Source "ChessBase"]
[SourceDate "2015.09.14"]
[SourceVersion "1"]
[SourceVersionDate "2015.09.14"]
[SourceQuality "1"]
[WhiteTeam "Liptov Chess School (U18)"]
[BlackTeam "Nitra Junior (U18)"]
[WhiteTeamCountry "SVK"]
[BlackTeamCountry "SVK"]

1. e4 e5 2. d4 exd4 3. c3 dxc3 4. Bc4 Nf6 5. Nxc3 d6 6. Nf3 Be7 7. Ng5 0-0 8. f4 Nc6 9. 0-0 h6 10. Nf3 Nd7 11. a3 Nb6 12. Bb3 Be6 13. Nd5 Bxd5 14. exd5 Nb8 15. Bc2 N8d7 16. g4 g6 17. Qd3 Nc5 18. Qd2 Qd7 19. f5 g5 20. b4 Nca4 21. Qd3 Bf6 22. h4 Bxa1 23. f6 Qxg4+ 24. Kh2 Be5+ 25. Nxe5 1-0

[Event "SVK-ch U18"]
[Site "Tatralandia"]
[Date "2015.04.23"]
[Round "7"]
[White "Mraz, Ondrej"]
[Black "Volna, Lukas"]
[Result "1-0"]
[WhiteElo "2193"]
[BlackElo "1881"]
[PlyCount "69"]
[EventDate "2015.04.18"]
[EventType "swiss"]
[EventRounds "9"]
[EventCountry "SVK"]
[SourceTitle "CBM 166 Extra"]
[Source "ChessBase"]
[SourceDate "2015.06.18"]
[SourceVersion "1"]
[SourceVersionDate "2015.06.18"]
[SourceQuality "1"]

1. e4 c5 2. Nf3 d6 3. d4 cxd4 4. Nxd4 Nf6 5. Nc3 g6 6. Be3 Bg7 7. f3 Nc6 8. Qd2 Bd7 9. Bc4 Rc8 10. Bb3 0-0 11. 0-0-0 Ne5 12. g4 Nc4 13. Bxc4 Rxc4 14. Qd3 Rc8 15. Kb1 a6 16. h4 h5 17. gxh5 Nxh5 18. Rdg1 e5 19. Nde2 Be6 20. Nd5 Bxd5 21. Qxd5 Qf6 22. Bg5 Qxf3 23. Nc3 Nf6 24. Bxf6 Qxf6 25. Qxb7 Qf3 26. Rf1 Rb8 27. Qc6 Qe3 28. Nd5 Qd4 29. b3 Qc5 30. Qxc5 dxc5 31. h5 gxh5 32. Ne7+ Kh7 33. Rxh5+ Bh6 34. Nf5 Rb6 35. Rfh1 1-0

[Event "SVK-ch U18"]
[Site "Tatralandia"]
[Date "2015.04.18"]
[Round "1"]
[White "Mraz, Ondrej"]
[Black "Adamciak, Tomas"]
[Result "1-0"]
[WhiteElo "2193"]
[BlackElo "2003"]
[PlyCount "45"]
[EventDate "2015.04.18"]
[EventType "swiss"]
[EventRounds "9"]
[EventCountry "SVK"]
[SourceTitle "CBM 166 Extra"]
[Source "ChessBase"]
[SourceDate "2015.06.18"]
[SourceVersion "1"]
[SourceVersionDate "2015.06.18"]
[SourceQuality "1"]

1. e4 c5 2. Nf3 Nc6 3. d4 cxd4 4. Nxd4 e6 5. Nc3 Qc7 6. Be2 a6 7. f4 Bb4 8. Be3 Nf6 9. Bf3 Na5 10. Qd3 Nc4 11. Bc1 d5 12. exd5 Nxd5 13. Bxd5 exd5 14. 0-0 Bxc3 15. Qxc3 0-0 16. f5 Re8 17. b3 Qa5 18. Qg3 Re4 19. bxc4 Rxd4 20. Bh6 Rg4 21. Qxg4 Qb6+ 22. Kh1 Qxh6 23. cxd5 1-0

[Event "SVK-chT1E 1415"]
[Site "Slovakia"]
[Date "2015.03.15"]
[Round "11.5"]
[White "Mraz, Ondrej"]
[Black "Pinter, Erik"]
[Result "0-1"]
[WhiteElo "2138"]
[BlackElo "2354"]
[PlyCount "108"]
[EventDate "2014.10.18"]
[EventType "team-tourn"]
[EventRounds "11"]
[EventCountry "SVK"]
[SourceTitle "EXT 2016"]
[Source "ChessBase"]
[SourceDate "2015.10.08"]
[SourceVersion "1"]
[SourceVersionDate "2015.10.08"]
[SourceQuality "1"]
[WhiteTeam "Liptov Chess School II"]
[BlackTeam "Humenne"]
[WhiteTeamCountry "SVK"]
[BlackTeamCountry "SVK"]

1. e4 c5 2. Nf3 d6 3. d4 cxd4 4. Nxd4 Nf6 5. Nc3 g6 6. Be3 Bg7 7. f3 0-0 8. Qd2 Nc6 9. Bc4 Bd7 10. Bb3 Rc8 11. 0-0-0 Nxd4 12. Bxd4 b5 13. a4 bxa4 14. Nxa4 Bxa4 15. Bxa4 Rc4 16. Bb3 Nxe4 17. Qe3 Bxd4 18. Rxd4 Rxd4 19. Qxd4 Nc5 20. Bc4 Qb6 21. Rd1 Rb8 22. b3 a5 23. h4 Nd7 24. h5 Qxd4 25. Rxd4 Nb6 26. Be2 d5 27. f4 e6 28. Kb2 Kf8 29. Ka3 Ke7 30. Rd1 Kd6 31. Bd3 Nd7 32. Rh1 Nc5 33. hxg6 hxg6 34. Be2 Rb4 35. g3 Re4 36. Bd1 Re3 37. Rh7 Ke7 38. g4 Ne4 39. f5 g5 40. fxe6 Kxe6 41. Rh8 d4 42. Re8+ Kd7 43. Re5 Nc3 44. Rxa5 f6 45. Kb4 Nxd1 46. Rd5+ Ke6 47. Rxd4 Nf2 48. c4 Rg3 49. Kb5 Rxb3+ 50. Kc6 Rg3 51. Rd6+ Kf7 52. c5 Nxg4 53. Rd7+ Kg6 54. Kc7 Rc3 0-1

[Event "World ol U16"]
[Site "Gyor"]
[Date "2014.12.21"]
[Round "10.1"]
[White "Dankhazi, Andras"]
[Black "Mraz, Ondrej"]
[Result "1/2-1/2"]
[WhiteElo "2237"]
[BlackElo "2138"]
[PlyCount "60"]
[EventDate "2014.12.13"]
[EventType "team-swiss"]
[EventRounds "10"]
[EventCountry "HUN"]
[SourceTitle "EXT 2016"]
[Source "ChessBase"]
[SourceDate "2015.10.08"]
[SourceVersion "1"]
[SourceVersionDate "2015.10.08"]
[SourceQuality "1"]
[WhiteTeam "Hungary III"]
[BlackTeam "Slovakia Middle"]
[WhiteTeamCountry "HUN"]
[BlackTeamCountry "SVK"]

1. d4 d5 2. c4 c6 3. Nc3 Nf6 4. e3 e6 5. Nf3 Nbd7 6. Qc2 Bd6 7. Bd3 0-0 8. 0-0 dxc4 9. Bxc4 e5 10. h3 exd4 11. exd4 Nb6 12. Bb3 h6 13. Ne5 Nbd5 14. Nxd5 Nxd5 15. Qd3 Be6 16. Bc2 f5 17. a3 Qf6 18. Re1 Rad8 19. b4 Rfe8 20. Bb2 Nf4 21. Qg3 Qg5 22. Qxg5 hxg5 23. Nd3 Nxd3 24. Bxd3 Kf7 25. Re2 g6 26. Rae1 Bd5 27. Rxe8 Rxe8 28. Rxe8 Kxe8 29. g4 Be6 30. f3 Kf7 1/2-1/2

[Event "World ol U16"]
[Site "Gyor"]
[Date "2014.12.16"]
[Round "5.1"]
[White "Conradie, Andre"]
[Black "Mraz, Ondrej"]
[Result "0-1"]
[WhiteElo "1760"]
[BlackElo "2138"]
[PlyCount "74"]
[EventDate "2014.12.13"]
[EventType "team-swiss"]
[EventRounds "10"]
[EventCountry "HUN"]
[SourceTitle "EXT 2016"]
[Source "ChessBase"]
[SourceDate "2015.10.08"]
[SourceVersion "1"]
[SourceVersionDate "2015.10.08"]
[SourceQuality "1"]
[WhiteTeam "South Africa II"]
[BlackTeam "Slovakia Middle"]
[WhiteTeamCountry "RSA"]
[BlackTeamCountry "SVK"]

1. e4 e5 2. Bc4 Nf6 3. d4 exd4 4. Nf3 Nc6 5. e5 d5 6. Bb5 Ne4 7. Nxd4 Bd7 8. Bxc6 bxc6 9. 0-0 Bc5 10. f3 Ng5 11. f4 Ne4 12. Nc3 Nxc3 13. bxc3 Qe7 14. Kh1 0-0 15. Re1 Rfe8 16. Bd2 Bb6 17. Qf3 c5 18. Nb3 Bf5 19. Rac1 a5 20. Be3 a4 21. Nd2 d4 22. cxd4 cxd4 23. Bf2 Qe6 24. a3 Ba5 25. Ne4 Bxe1 26. Rxe1 Bxe4 27. Qxe4 Rad8 28. f5 Qd5 29. Qf4 f6 30. e6 c5 31. Bh4 Rb8 32. Qg4 Kh8 33. Qh5 Re7 34. Bg3 Rb2 35. Qg4 Rxc2 36. Bd6 Qxd6 37. Qe4 Rb2 0-1

[Event "World ol U16"]
[Site "Gyor"]
[Date "2014.12.14"]
[Round "2.1"]
[White "Mraz, Ondrej"]
[Black "Oltman, Kayla"]
[Result "1-0"]
[WhiteElo "2138"]
[BlackElo "1529"]
[PlyCount "59"]
[EventDate "2014.12.13"]
[EventType "team-swiss"]
[EventRounds "10"]
[EventCountry "HUN"]
[SourceTitle "EXT 2016"]
[Source "ChessBase"]
[SourceDate "2015.10.08"]
[SourceVersion "1"]
[SourceVersionDate "2015.10.08"]
[SourceQuality "1"]
[WhiteTeam "Slovakia Middle"]
[BlackTeam "South Africa Girls"]
[WhiteTeamCountry "SVK"]
[BlackTeamCountry "RSA"]

1. e4 c6 2. d4 d5 3. e5 Bf5 4. Nc3 e6 5. g4 Bg6 6. Nge2 h6 7. h4 Nd7 8. h5 Bh7 9. f4 Be7 10. Ng3 Bh4 11. Rh3 f5 12. Be3 g5 13. hxg6 Bxg6 14. Bd3 Bxg3+ 15. Rxg3 Ne7 16. gxf5 Bxf5 17. Qh5+ Kf8 18. Kd2 Qe8 19. Qh2 Bxd3 20. cxd3 Nf5 21. Rg4 Qf7 22. Bf2 Ke8 23. Rag1 Nf8 24. Ne2 Kd7 25. Ng3 Re8 26. Nxf5 Qxf5 27. Rg7+ Re7 28. Qh4 Rh7 29. Qxe7+ Kc8 30. Qc7# 1-0